[Event "FIDE Online Olympiad Top Division 2020"]
[Site "Online"]
[Date "2020.08.22"]
[Round "?"]
[White "Wei, Yi"]
[Black "Wagner, Dennis"]
[Result "1-0"]
[WhiteElo "2889"]
[BlackElo "2289"]
[Annotator "TA"]
[PlyCount "147"]
[EventDate "2020.08.21"]
[SourceTitle "playchess.com"]
[Source "ChessBase"]
[SourceQuality "1"]

{[%evp 14,147,0,-27,-27,-27,-30,-38,37,47,59,50,49,43,39,39,40,47,81,81,84,54,82,28,17,0,0,-55,-63,-50,-61,-54,-50,-52,-51,-53,0,0,0,-40,-33,-70,-55,-79,-62,-73,-70,-136,0,0,0,0,0,0,0,0,0,0,0,0,0,0,0,0,268,0,0,-12,0,-7,0,0,0,-32,0,0,0,0,0,0,0,0,0,0,0,-110,-15,-51,0,0,254,293,285,284,276,-8,-8,-8,234,2,484,452,434,305,464,98,895,960,1249,1255,1718,1668,1993,1931,29975,29965,29979,4610,29981,29982,29986,29987,29987,29988,29988,29987,29991,29992,29992,29989,29989,29989,29990,29990,29990,20]} 1. e4 e5 2. Nf3 Nc6 3. d4 exd4 4. Nxd4 Nf6 5. Nxc6 bxc6 6. e5 Qe7 7. Qe2 Nd5 8. h4 (8. c4 $5 {[%cal Rc4d5]} Ba6 9. Qe4 $15) 8... Qe6 {is the new trend. C45: Scotch Game.} 9. Nd2 a5 10. g3 {[#]} f6 $146 (10... Nb4 $15 11. Nf3 Nxa2) ({Predecessor:} 10... Nb4 11. Nf3 Ba6 12. c4 Qg6 13. Kd1 h5 14. a3 Nd5 15. e6 O-O-O 16. exf7 Qxf7 {½-½ (48) Cheparinov,I (2679)-Ma,Q (2630) China 2019}) 11. c4 $14 Nb4 12. Nf3 Bc5 13. Bh3 Qe7 14. a3 Na6 15. exf6 gxf6 16. Qxe7+ Kxe7 17. Bd2 a4 18. O-O-O (18. Bc3 $16) 18... d6 $11 19. Bxc8 (19. Rde1+ {feels hotter.} Kf7 20. g4 h6 21. Kc2 Be6 22. Bc3) 19... Rhxc8 20. Be3 (20. Rhe1+ $11 Kf7 21. Be3) 20... Bxe3+ $15 21. fxe3 Rg8 22. Nd4 Kd7 23. Rhf1 Raf8 24. Rf5 Rxg3 (24... Rg4 $15) 25. Ra5 $36 {[%mdl 2048] White has good play.} Nb8 (25... Nc5 $2 26. Rxc5 $1 {[%mdl 512]} Rxe3 27. Rxc6 $18) 26. Nf5 Rf3 27. Rg1 c5 $1 28. Rg7+ Ke6 $1 {[%cal Re6f5]} 29. e4 {[%csl Gf5][%cal Rg7e7]} Ke5 $1 30. Rxc7 {[#]} (30. Re7+ $15 Kf4 31. Rxc7) 30... Kxe4 ({Black should try} 30... Rg8 $1 $17 31. Ng7 (31. Rxa4 $2 Rg1+ 32. Kc2 Rg2+ 33. Kb1 Rb3 $17) 31... Rf1+ 32. Kd2 Rg1) 31. Nxd6+ Kd3 $1 {[%cal Rf3f1]} 32. Kb1 Rg8 33. Rxa4 (33. Raxc5 Rf1+ 34. Ka2 Rgg1 35. Rd5+ Kc2 36. Rd2+ Kxd2 37. b3 Ra1+ 38. Kb2 Rgb1#) 33... Rg1+ 34. Ka2 Kc2 35. Re7 $1 (35. Rxh7 $2 {gets mated.} Rff1 36. Rh8 Ra1#) 35... Rff1 {[%csl Gg1][%cal Rf1a1]} (35... Nc6 $5 36. Re2+ $8 (36. Rxh7 $2 {leads to mate.} Rff1 37. Rh8 Ra1#) 36... Kd3 $14) 36. Re2+ Kd3 $1 37. Rh2 Nc6 $1 38. Rh3+ Kc2 $2 {[%mdl 8192]} (38... Ke2 $11 39. Nb5 f5) 39. Rh2+ $2 (39. Rc3+ $18 Kd1 40. Ne4) 39... Kd3 $1 {( -> ...Ra1+)} 40. Nb5 f5 41. Rh3+ Kc2 {[%csl Gg1][%cal Rf1a1]} 42. Rh2+ Kd3 {White must now prevent ...f4.} 43. Rh3+ Kc2 {[%csl Gg1][%cal Rf1a1]} (43... Kd2 $5 {[%cal Rf5f4]}) 44. Rc3+ Kd2 45. Ra6 Nb4+ 46. axb4 Ra1+ 47. Kb3 Rxa6 48. bxc5 {[%mdl 4096] Endgame KRR-KRN} f4 {aiming for ...Rg3.} 49. Nd6 (49. Nd4 $11 {keeps the balance.} Rg3 50. Kb4) 49... Ke2 ({Better is} 49... Rg8 $17 {Strongly threatening ...Rb8+.} 50. Rf3 Rf8) 50. Rc2+ Kf3 (50... Kd3 $15 51. Rc3+ Kd4) 51. Kb4 {With the idea Kb5.} Kg4 $2 {[%mdl 8192]} (51... Rg2 $11 52. Kb5 Ra7) 52. Kb5 $18 Ra8 53. c6 f3 {...Rg2 is the strong threat.} 54. c7 $2 (54. b4 $18) 54... Rg2 $11 55. Rc1 {And now b4 would win.} f2 $2 (55... Rxb2+ $11 56. Kc6 f2) 56. Ne4 $2 (56. Rf1 $18) 56... Kf4 $2 {[%mdl 8192] [#]} ({Of course not} 56... Kxh4 57. Rh1+ Kg4 58. Kc6 $14) (56... Rc8 $11 {and Black has nothing to worry.} 57. Kb6 Kf3 58. Ng5+ Kg4) 57. Nxf2 $1 $18 {[%mdl 512]} Rxf2 58. b4 Ke5 (58... Rb2 $142 59. Kc5 Rc8) 59. Kb6 $2 (59. Rd1 $18 {and White stays clearly on top.} Rc8 60. Kc6) 59... Rfa2 $2 {[%mdl 8192]} (59... Rf7 $16) 60. b5 Ke6 61. Rd1 Ke7 62. c5 R2a4 63. h5 h6 64. Rd6 Rh8 65. Kb7 (65. Kc6 $142 Rc8 66. Rd7+ Ke6 67. Rd8 Rxc7+ 68. Kxc7 Ra5 69. Kb6 Ra4 70. c6) 65... Raa8 66. b6 {White mates.} Raf8 67. Kc6 Ra8 68. b7 Ra6+ 69. Kd5 Rxd6+ 70. cxd6+ Kd7 71. c8=Q+ {[%mdl 64] Promotion} Rxc8 72. bxc8=Q+ {[%mdl 64] Promotion} Kxc8 73. Kc6 Kd8 74. d7 {[%mdl 32768] Accuracy: White = 72%, Black = 54%. . Loss on time!?} 1-0

[Event "FIDE Online Olympiad Top Division 2020"]
[Site "Online"]
[Date "2020.08.23"]
[Round "?"]
[White "Harikrishna, Pentala"]
[Black "Bluebaum, Matthias"]
[Result "1/2-1/2"]
[WhiteElo "2796"]
[BlackElo "2582"]
[Annotator "TA"]
[PlyCount "172"]
[EventDate "2020.08.21"]
[SourceTitle "playchess.com"]
[Source "ChessBase"]
[SourceQuality "1"]

{[%evp 11,172,4,4,4,8,0,5,0,14,-16,-12,-14,8,-46,-43,-49,-48,-74,-10,-39,11,16,19,18,14,-8,0,-91,-77,-81,-13,-19,-11,-114,-114,-112,-116,-138,-130,-140,-126,-137,-118,-195,-188,-195,-197,-169,-89,-89,-89,-75,-62,-98,-48,-44,0,-107,-91,-91,-108,-203,-193,-238,-238,-238,-238,-238,-238,-238,-238,-238,-238,-238,-238,-238,-207,-200,-200,-177,-176,-176,-152,-174,-174,-174,-174,-174,-174,-174,-174,-174,-152,-174,-174,-174,-174,-174,-174,-174,-174,-174,-174,-174,-174,-174,0,-174,-174,-174,-174,-174,-174,-174,-174,-175,-168,-181,-168,-168,-168,-168,-129,-129,-129,-129,-129,-129,-129,-129,0,-129,-129,-129,-129,-129,-129,-129,-129,-129,-33,-33,-33,-33,-33,-33,-28,-32,-32,-32,-32,-32,-32,-32,-28,-32,-32,-32,-28,-32,-32,-32,0]} 1. Nf3 d5 2. g3 Bg4 3. Bg2 e6 4. O-O Nf6 5. c4 c6 6. d3 Be7 7. Qb3 {A11: English Opening: 1...c6.} Qc8 8. Nc3 O-O 9. h3 {The position is equal.} Bh5 {[#]} 10. Kh2 $146 ({Predecessor:} 10. cxd5 cxd5 11. g4 Bg6 12. Bf4 Nc6 13. Rac1 Nd7 14. Na4 Re8 15. Rfe1 Bd8 16. Nd4 {½-½ (50) Ronat,O (2317)-Krebs,J (2278) ICCF email 2014}) 10... Rd8 11. cxd5 cxd5 12. Ne5 (12. g4 $11 Bg6 13. Bf4) 12... Nfd7 $15 13. Nxd7 Qxd7 14. e4 {[%cal Re4d5]} Nc6 (14... d4 $1 $17 {[%cal Rd4c3]} 15. g4 dxc3 16. gxh5 Na6) 15. g4 Nd4 16. Qd1 $1 Bg6 $1 17. exd5 exd5 18. Nxd5 Rac8 19. Nxe7+ (19. f4 $11) 19... Qxe7 $17 20. Bf4 Rc2 ({Black should try} 20... Nc2 $1 $17 21. Rc1 Bxd3) 21. Rc1 Rxb2 {Threatening ...Ne2.} 22. Rc7 (22. Re1 $11 Qf8 23. Kg1) 22... Qf6 $36 {[%mdl 2048] Keeping White busy.} 23. Bg3 Ne6 $1 24. Rxb7 Rxb7 25. Bxb7 Bxd3 26. Re1 Be4 $1 27. Qb3 (27. Bxe4 $17 {might work better.} Rxd1 28. Rxd1) 27... Nd4 $19 28. Qe3 Nf3+ {[%mdl 64] Double Attack} 29. Kh1 {[#]} Nxe1+ ({Worse is} 29... Bxb7 {[#]} 30. Qe8+ $1 {[%mdl 512]} Rxe8 31. Rxe8#) ({Black should play} 29... Qh6 $1 $19 {[%cal Rh6h3]} 30. Qxh6 Nxe1+ {[%mdl 64] Discovered Attack} 31. Bxe4 gxh6) 30. Bxe4 $17 Qa1 31. Kh2 Qd1 32. Bc7 Rf8 33. Be5 $1 {[%cal Re5c3] aiming for Bc3.} h6 (33... Re8 $5 {[%cal Re8e5]} 34. Bc3 Nc2 35. Bxh7+ Kxh7 36. Qxe8 Qf3 $11 {[%mdl 64] Double Attack}) 34. Bc3 (34. g5 $1 $11) 34... Nc2 35. Qc5 {And now Qe5 would win.} Re8 36. Qf5 (36. Bb2 $17 Ne1 37. Qc3) 36... Qd6+ $19 37. Kg1 {Black must now prevent Qh7+.} g6 38. Qf3 Nd4 39. Qd3 Qe5 40. Qxd4 Qxd4 41. Bxd4 {Hoping for Bf3.} Rxe4 42. Bxa7 {[%mdl 4096] Endgame KR-KB} Ra4 43. Be3 g5 ({But not} 43... Rxa2 44. Bxh6 f5 45. gxf5) 44. Kg2 Rxa2 45. h4 f6 46. hxg5 hxg5 47. Kg3 Ra3 48. Kg2 Kf7 49. Bb6 Ke6 50. f3 Rd3 51. Kf2 Rb3 52. Bc5 Ke5 53. Be3 Kd5 54. Ke2 Kc4 55. Kf2 Kd3 56. Ba7 Rb2+ 57. Kf1 Rb5 58. Kf2 Rb2+ 59. Kf1 $1 Kc4 60. Be3 Kd5 61. Ke1 Ke5 62. Kf1 Ra2 63. Ke1 Ke6 64. Kf1 Kf7 65. Ke1 Kg6 66. Kf1 f5 67. gxf5+ Kxf5 68. Ke1 Kg6 69. Kf1 Kh5 {Threatens to win with ...Kh4.} 70. Bf2 Kg6 71. Be3 Kf6 72. Ke1 Kf5 73. Kf1 Kg6 74. Bf2 Kh5 75. Bg3 g4 ({Better is} 75... Ra3 $17 76. Ke2 Ra2+ 77. Kd3 Kg6) 76. fxg4+ $15 Kxg4 77. Bd6 Kf3 {[%cal Ra2a1]} 78. Ke1 Ra4 {( -> ...Re4+)} (78... Re2+ {seems wilder.} 79. Kd1 Ke3 80. Kc1 Kd3 81. Bb4 Rc2+) 79. Bc5 Rc4 80. Bb6 Rc6 81. Ba7 Rd6 82. Bc5 Rd5 83. Bb6 Rd7 84. Bc5 Rd8 85. Bb6 Rd5 86. Ba7 Rd7 {Black had all chances to win. Accuracy: White = 84%, Black = 84%.} 1/2-1/2

[Event "FIDE Online Olympiad Top Division 2020"]
[Site "Online"]
[Date "2020.08.22"]
[Round "?"]
[White "Nguyen, Ngoc Truong Son"]
[Black "Wagner, Dennis"]
[Result "1-0"]
[WhiteElo "2700"]
[BlackElo "2294"]
[Annotator "TA"]
[PlyCount "75"]
[EventDate "2020.08.21"]
[SourceTitle "playchess.com"]
[Source "ChessBase"]
[SourceQuality "1"]

{[%evp 21,75,11,11,11,10,12,3,6,19,18,15,20,14,0,0,0,42,-110,-12,-9,15,0,28,29,27,36,86,79,87,82,124,121,132,129,137,127,189,188,530,523,506,420,406,373,1011,1007,1011,987,4994,1433,1308,854,952,973,1131,1074]} 1. e4 e5 2. Nf3 Nc6 3. Bc4 Bc5 4. c3 Nf6 5. d3 d6 6. Nbd2 a6 7. Bb3 O-O 8. O-O Ba7 9. h3 h6 10. Re1 Re8 11. Nf1 Be6 12. Bxe6 {C54: Giuoco Piano: 4 c3 Nf6, main lines with 5 d4 and 5 d3.} Rxe6 13. Be3 Bxe3 14. Nxe3 {The position is equal.} d5 15. Qc2 Qd7 16. Rad1 Rd8 17. exd5 Nxd5 {[#]} 18. Qb3 $146 ({Predecessor:} 18. Nxd5 Qxd5 19. Qb3 Qxb3 20. axb3 f6 21. d4 Red6 22. Rc1 exd4 23. cxd4 Kf7 24. g4 {0-1 (35) Bezuidenhout,R (2200)-Barrish,D (2363) Cape Town 2019}) 18... Nf4 19. Ng4 $2 (19. d4 $1 $14 {is the one way to stay ahead.} exd4 20. Nxd4) 19... Rg6 ({Much weaker is} 19... Nxd3 $6 20. Nfxe5 $1 {[%mdl 512]} Ncxe5 21. Nxe5 $11) (19... Qd5 $17 {White must now prevent ...Qxb3.} 20. Qxd5 Rxd5) 20. Re4 $11 h5 21. Rxf4 $1 hxg4 (21... exf4 {is interesting.} 22. Nge5 Nxe5 23. Nxe5 Qe6 24. Nxg6 Qxb3 25. axb3 fxg6 26. b4 Kf7) 22. Rxg4 Rxg4 23. hxg4 e4 24. Nh2 $1 exd3 25. Qxb7 a5 26. Qb5 Qd6 27. Nf3 Qg6 28. Qf5 Qd6 (28... Qxf5 $16 {was called for.} 29. gxf5 Kf8) 29. Ng5 $18 Ne5 $2 (29... Qf6 {is tougher.} 30. Qxf6 gxf6) 30. f4 Qb6+ 31. Kh2 Qh6+ 32. Kg3 Ng6 $2 (32... f6 33. Nh3 (33. fxe5 $2 fxg5 34. Rxd3 Rf8 $19) 33... Nf7 34. Rxd3 Nd6 35. Qd5+ Nf7) 33. Qxf7+ {White is clearly winning.} Kh8 34. Qe6 {Nf7+! would kill now.} Qh4+ 35. Kf3 Nxf4 36. Kxf4 {Threatens to win with Nf7+.} Rf8+ 37. Ke4 ({Don't go for} 37. Nf7+ $2 {[#]} Rxf7+ $1 {[%mdl 512]} 38. Ke4 Re7 $1 $19 {[%mdl 512]}) 37... d2 38. Kd3 {Accuracy: White = 82%, Black = 40%.} 1-0

[Event "FIDE Online Olympiad Top Division 2020"]
[Site "Online"]
[Date "2020.08.21"]
[Round "?"]
[White "sara_khm"]
[Black "Tanzja"]
[Result "1-0"]
[WhiteElo "2621"]
[BlackElo "2244"]
[Annotator "TA"]
[PlyCount "123"]
[EventDate "2020.08.21"]
[SourceTitle "playchess.com"]
[Source "ChessBase"]
[SourceQuality "1"]

{[%evp 13,123,22,35,35,57,47,39,39,48,51,53,0,0,-7,0,-25,70,58,72,68,77,32,80,79,101,98,116,105,133,19,40,5,14,9,41,37,45,50,39,29,61,60,100,42,145,145,178,181,177,172,181,171,214,214,646,672,645,646,656,637,737,669,660,654,637,637,592,537,520,522,509,488,712,705,689,578,578,578,2290,2186,2037,1831,29958,1116,29958,29961,29964,29963,29967,29966,29965,29964,29963,29960,4618,3018,29972,29973,29979,29980,29980,29979,29979,29980,29980,29978,29981,29980,29982,29983,29983,29978]} 1. Nf3 Nf6 2. d4 g6 3. c4 Bg7 4. g3 O-O 5. Bg2 d6 6. O-O c6 7. Nc3 Bf5 8. Ng5 {E62: King's Indian: Fianchetto: 6...c6 and Panno Variation (6...Nc6) without ...a6.} h6 9. e4 Bg4 10. f3 {White is slightly better.} Bc8 11. Nh3 {[#]} Qb6 $146 ({Predecessor:} 11... e5 12. d5 Na6 13. Be3 Kh7 14. Nf2 cxd5 15. cxd5 Nc5 16. b4 Ncd7 17. Nb5 Nb6 {0-1 (64) Banusz,T (2619)-Gordievsky,D (2579) chess24.com INT 2019}) 12. Nf2 (12. Rb1 $14) 12... Nfd7 $11 13. Ne2 c5 {[%cal Rc5d4]} 14. dxc5 dxc5 ({Black should play} 14... Qxc5 $11 15. Nc3 Nc6) 15. f4 $36 {[%mdl 2048] White is more active.} Nc6 16. e5 Rd8 {Threatens to win with ...Ndxe5.} 17. Nc3 {And now Nd5 would win.} e6 {With the idea ...Ndxe5.} 18. Qa4 Nd4 19. Nb5 Nb8 20. Nxd4 cxd4 21. Nd3 (21. b4 $16) 21... Bd7 $11 22. Qb4 (22. Qc2 {with more complications.} Bc6 23. b3 h5 24. Ba3 Bf8 25. Bd6) 22... Qxb4 23. Nxb4 Nc6 24. Nd3 Bf8 25. Bd2 a5 26. b3 h5 27. a3 {[%cal Ba2a3,Ba3b4,Bb4b5][%mdl 32]} Ra7 {Black is on the road to losing.} 28. Rfd1 (28. b4 $16) 28... Rb8 {[#]} (28... Ne7 $14) 29. b4 $1 $16 axb4 30. axb4 Rba8 31. Rxa7 Rxa7 32. b5 Nd8 33. Bb4 Ra4 $2 (33... b6 34. c5 bxc5) 34. Bxf8 $18 Kxf8 35. Nc5 $1 {[%csl LRa4,LRb7,LRd4,LRd7][%mdl 64] [#] Double Attack, Discovered Attack} Rxc4 36. Nxd7+ Ke7 37. Nb6 Rb4 38. Nc8+ Kd7 39. Nd6 f6 40. Nxb7 Nxb7 41. Bxb7 Rxb5 42. Rxd4+ {[%mdl 4096] Endgame KRB-KR} Kc7 (42... Ke7 $142 43. exf6+ Kxf6) 43. Be4 fxe5 44. fxe5 g5 45. Bg6 h4 46. gxh4 gxh4 47. Rxh4 Rxe5 48. Rh7+ Kd6 49. h4 Re3 50. h5 Ke5 51. Kf2 Rh3 52. Kg2 Rh4 53. Kg3 Rh1 54. Rf7 Kd6 55. Kg4 {White mates.} e5 56. Kg5 Ke6 57. Rf6+ Ke7 58. Rf5 Ke6 59. Rf2 Ke7 60. Kh6 Rg1 61. Kg7 e4 62. Re2 {Accuracy: White = 83%, Black = 59%.} 1-0

[Event "FIDE Online Olympiad Top Division 2020"]
[Site "Online"]
[Date "2020.08.24"]
[Round "?"]
[White "Abdusattorov, Nodirbek"]
[Black "Svane, Rasmus"]
[Result "1-0"]
[WhiteElo "2610"]
[BlackElo "2515"]
[Annotator "ChessBase"]
[PlyCount "105"]
[EventDate "2020.08.21"]
[TimeControl "900+5"]

1. e4 {[%emt 0:00:03]} c6 {[%emt 0:00:02]} 2. d4 {[%emt 0:00:03]} d5 {[%emt 0:00:01]} 3. exd5 {[%emt 0:00:00]} cxd5 {[%emt 0:00:01]} 4. Bd3 {[%emt 0:00:02]} Nc6 {[%emt 0:00:00]} 5. c3 {[%emt 0:00:01]} Nf6 {[%emt 0:00:01]} 6. Bf4 {[%emt 0:00:02]} Bg4 {[%emt 0:00:01]} 7. Qb3 {[%emt 0:00:04]} Qd7 {[%emt 0:00:02]} 8. Nd2 {[%emt 0:00:03]} e6 {[%emt 0:00:01]} 9. Ngf3 {[%emt 0:00:00]} Bd6 {[%emt 0:00:01]} 10. Bxd6 {[%emt 0:00:02]} Qxd6 {[%emt 0:00:00]} 11. O-O {[%emt 0:00:02]} O-O {[%emt 0:00:02]} 12. Rae1 {[%emt 0:00:03]} Qc7 {[%emt 0:00:01]} 13. Ne5 {[%emt 0:01:11]} Bh5 {[%emt 0:00:20]} 14. f4 {[%emt 0:00:11]} Bg6 {[%emt 0:02:49]} 15. Bxg6 {[%emt 0:00:04]} hxg6 {[%emt 0:00:00]} 16. Re3 {[%emt 0:00:01]} Rfc8 {[%emt 0:02:27]} 17. Qd1 {[%emt 0:00:12]} b5 {[%emt 0:00:14]} 18. Qe1 {[%emt 0:00:13]} b4 {[%emt 0:02:38]} 19. Qh4 {[%emt 0:01:24]} Qd8 {[%emt 0:03:35]} 20. Nxc6 {[%emt 0:00:27]} Rxc6 {[%emt 0:00:03]} 21. Nf3 {[%emt 0:00:00]} bxc3 {[%emt 0:00:15]} 22. bxc3 {[%emt 0:02:40]} Rac8 {[%emt 0:00:16]} 23. Rc1 {[%emt 0:00:02]} Qa5 {[%emt 0:01:06]} 24. Ng5 {[%emt 0:00:01]} Qa3 {[%emt 0:01:27]} 25. Rc2 {[%emt 0:02:37]} Nh5 {[%emt 0:01:09]} 26. g4 {[%emt 0:00:33]} Nxf4 {[%emt 0:00:25]} 27. Qh7+ {[%emt 0:00:16]} Kf8 {[%emt 0:00:01]} 28. Qh8+ {[%emt 0:00:00]} Ke7 {[%emt 0:00:00]} 29. Qxg7 {[%emt 0:00:01]} Rf8 {[%emt 0:00:18]} 30. Nh7 {[%emt 0:00:03]} Ke8 {[%emt 0:00:01]} 31. Qe5 {[%emt 0:00:23]} Qd6 {[%emt 0:00:08]} 32. Qxd6 {[%emt 0:00:04]} Rxd6 {[%emt 0:00:00]} 33. Rf3 {[%emt 0:00:31]} g5 {[%emt 0:00:06]} 34. Rb2 {[%emt 0:00:01]} Rb6 {[%emt 0:00:11]} 35. Rxb6 {[%emt 0:00:03]} axb6 {[%emt 0:00:00]} 36. Nxf8 {[%emt 0:00:02]} Kxf8 {[%emt 0:00:00]} 37. Kf2 {[%emt 0:00:10]} Ng6 {[%emt 0:00:06]} 38. Ke3 {[%emt 0:00:02]} Ke7 {[%emt 0:00:02]} 39. Rf2 {[%emt 0:00:01]} Nf8 {[%emt 0:00:04]} 40. Kd3 {[%emt 0:00:02]} Nd7 {[%emt 0:00:04]} 41. c4 {[%emt 0:00:00]} dxc4+ {[%emt 0:00:02]} 42. Kxc4 {[%emt 0:00:01]} Nf6 {[%emt 0:00:14]} 43. Kb5 {[%emt 0:00:22]} Nd5 {[%emt 0:00:07]} 44. Kc6 {[%emt 0:00:02]} f6 {[%emt 0:00:12]} 45. a3 {[%emt 0:00:01]} Kf7 {[%emt 0:00:05]} 46. Rb2 {[%emt 0:00:04]} Ke7 {[%emt 0:00:02]} 47. a4 {[%emt 0:00:06]} Nc3 {[%emt 0:00:06]} 48. Rxb6 {[%emt 0:00:06]} Nxa4 {[%emt 0:00:03]} 49. Rb7+ {[%emt 0:00:01]} Kf8 {[%emt 0:00:03]} 50. Rb3 {[%emt 0:00:00]} Ke7 {[%emt 0:00:03]} 51. Kb5 {[%emt 0:00:01]} Kd6 {[%emt 0:00:04]} 52. Kxa4 {[%emt 0:00:02]} Kd5 {[%emt 0:00:03]} 53. Rf3 {[%emt 0:00:01]} 1-0

[Event "FIDE Online Olympiad Top Division 2020"]
[Site "Online"]
[Date "2020.08.24"]
[Round "?"]
[White "Fridman, Daniel"]
[Black "Vokhidov, Shamsiddin"]
[Result "1-0"]
[WhiteElo "2599"]
[BlackElo "2586"]
[Annotator "TA"]
[PlyCount "83"]
[EventDate "2020.08.21"]

{[%evp 15,83,0,0,0,0,0,-6,-27,-29,-70,-14,-33,-8,-18,-24,-16,12,0,0,0,0,0,0,0,0,0,0,-7,-8,-15,-8,-60,-60,-99,-92,-95,-40,-47,0,-56,0,-76,-88,-93,-104,-81,0,0,0,-131,128,135,130,148,148,148,148,148,143,141,797,797,797,797,29996,29997,29997,29998,29998,29999]} 1. d4 Nf6 2. Nf3 e6 3. c4 b6 4. g3 Bb7 5. Bg2 Be7 6. O-O O-O 7. d5 exd5 8. Nd4 Bc6 9. cxd5 {E17: Queen's Indian: 4 g3 Bb7 5 Bg2 Be7.} Bxd5 10. Bxd5 Nxd5 11. e4 {The position is equal.} (11. Nf5 $5 {[%cal Rd1d5]} Nf6 12. Bg5 $15) 11... Nb4 {[#]} 12. Re1 $5 $146 {[%mdl 8] An interesting novelty.} ({Predecessor:} 12. Nc3 N8c6 13. Nf5 Bf6 14. f4 Ne7 15. Nxe7+ Bxe7 16. a3 Nc6 17. b4 a5 18. b5 {0-1 (34) Sargsyan,A (2327)-Olde,M (2088) Antalya 2019}) 12... N4c6 (12... Re8 $15) 13. Nf5 $11 Bf6 14. Nc3 $1 Bxc3 15. bxc3 Ne7 16. Ba3 c5 17. Nd6 Nbc6 18. f4 Nc8 19. Nf5 N8e7 20. Nd6 Nc8 21. Nf5 N6e7 22. Ne3 d5 23. exd5 ({White should try} 23. e5 $1 $11) 23... Nd6 $15 24. c4 Qd7 25. Bb2 Rad8 (25... f6 $17) 26. a4 Nef5 27. Qd3 (27. Nxf5 $11 Qxf5 28. Re5) 27... Rfe8 (27... f6 $15) 28. Ng4 (28. Nxf5 $11 {remains equal.} Qxf5 29. Rxe8+ Rxe8 30. Qxf5 Nxf5 31. Be5) 28... Rxe1+ $17 29. Rxe1 Qxa4 30. Ne5 f6 (30... Ra8 $17 {aiming for ...f6.} 31. g4 Nd4) 31. Nc6 $11 Rd7 (31... Ra8 $5 32. g4 $8 Nd4 $11) 32. Rc1 (32. Qe2 $1 $11 {was the only way to keep the balance.} h5 33. Qe6+ {[%mdl 64] Double Attack} (33. Qxh5 Qc2 $11) 33... Rf7 34. Nd8 {[%mdl 64] Pin}) 32... Ne7 $2 {[%mdl 8192]} (32... Qa2 $17 {stays on course.} 33. Be5 fxe5 34. fxe5 Rf7 35. exd6 Nxd6) 33. Qe2 $16 Nxc6 34. Qe6+ {[%mdl 64] [#] Double Attack} Rf7 35. dxc6 (35. Qxd6 Na5 $15) 35... Qxc6 {...Qe8 is the strong threat.} 36. Rd1 Qe4 37. Rxd6 $40 {[%cal Rd6d8][%mdl 128] White is out for blood.} ({Of course not} 37. Qxd6 $6 Qe3+ 38. Kf1 Qf3+ 39. Kg1 Qe3+ 40. Kf1 Qf3+ 41. Kg1 Qe3+ $11) 37... Qb1+ $2 {[%mdl 8192] This costs Black the game.} (37... Qxe6 $16 38. Rxe6 Rd7) 38. Kg2 $18 {[%cal Rd6d8]} Qxb2+ 39. Kh3 {[%cal Rd6d8]} g5 {[#]} 40. Rd7 $1 {[%mdl 512] White mates.} g4+ 41. Qxg4+ Kf8 42. Rd8+ {Accuracy: White = 75%, Black = 54%.} 1-0

[Event "FIDE Online Olympiad Top Division 2020"]
[Site "Online"]
[Date "2020.08.24"]
[Round "?"]
[White "Bluebaum, Matthias"]
[Black "Sibanda, Kudakwashe"]
[Result "1-0"]
[WhiteElo "2562"]
[BlackElo "1196"]
[Annotator "ChessBase"]
[PlyCount "57"]
[EventDate "2020.08.21"]
[TimeControl "900+5"]

1. d4 {[%emt 0:00:01]} Nf6 {[%emt 0:00:07]} 2. c4 {[%emt 0:00:01]} e6 {[%emt 0:00:03]} 3. Nc3 {[%emt 0:00:01]} Bb4 {[%emt 0:00:04]} 4. e3 {[%emt 0:00:01]} d5 {[%emt 0:00:07]} 5. Bd2 {[%emt 0:00:01]} Kf8 {[%emt 0:00:19]} 6. Nf3 {[%emt 0:00:05]} b6 {[%emt 0:00:17]} 7. cxd5 {[%emt 0:00:04]} exd5 {[%emt 0:00:05]} 8. Rc1 {[%emt 0:00:04]} Bb7 {[%emt 0:00:50]} 9. Bd3 {[%emt 0:00:02]} g6 {[%emt 0:00:11]} 10. O-O {[%emt 0:00:10]} Nbd7 {[%emt 0:00:11]} 11. Ne5 {[%emt 0:00:23]} Bd6 {[%emt 0:00:47]} 12. f4 {[%emt 0:00:05]} a6 {[%emt 0:00:22]} 13. Qf3 {[%emt 0:00:10]} Kg7 {[%emt 0:00:27]} 14. Be1 {[%emt 0:00:05]} Re8 {[%emt 0:03:34]} 15. Bh4 {[%emt 0:00:03]} Be7 {[%emt 0:00:08]} 16. f5 {[%emt 0:00:18]} Ne4 {[%emt 0:01:08]} 17. Nxf7 {[%emt 0:00:56]} Qc8 {[%emt 0:01:22]} 18. Bxe7 {[%emt 0:00:44]} Rxe7 {[%emt 0:00:19]} 19. fxg6 {[%emt 0:00:08]} hxg6 {[%emt 0:00:20]} 20. Bxe4 {[%emt 0:00:05]} dxe4 {[%emt 0:00:10]} 21. Qf4 {[%emt 0:00:01]} Kg8 {[%emt 0:00:42]} 22. Nh6+ {[%emt 0:00:30]} Kg7 {[%emt 0:00:21]} 23. Qg5 {[%emt 0:00:06]} Re6 {[%emt 0:00:34]} 24. Rf7+ {[%emt 0:00:03]} Kh8 {[%emt 0:00:07]} 25. Nf5 {[%emt 0:00:15]} Kg8 {[%emt 0:00:21]} 26. Rg7+ {[%emt 0:00:02]} Kf8 {[%emt 0:00:07]} 27. Qh6 {[%emt 0:00:01]} Ke8 {[%emt 0:00:21]} 28. Rg8+ {[%emt 0:00:02]} Nf8 {[%emt 0:00:04]} 29. Rxf8+ {[%emt 0:00:01]} 1-0